Sports Quiz

Random Sports or Auto Racing Quiz

NASCAR Race Winners (1990s) Quiz Stats

 Plays Quiz not verified by Sporcle

Score 0/117 Timer 06:00
0 Plays Today
% Correct
Dale Earnhardt
98.9%
Dale Earnhardt
98.9%
Dale Earnhardt
98.9%
Dale Earnhardt
98.9%
Dale Earnhardt
98.9%
Dale Earnhardt
98.9%
Dale Earnhardt
98.9%
Dale Earnhardt
98.9%
Dale Earnhardt
98.9%
Jeff Gordon
98.2%
Jeff Gordon
98.2%
Jeff Gordon
98.2%
Jeff Gordon
98.2%
Jeff Gordon
98.2%
Jeff Gordon
98.2%
Rusty Wallace
94.4%
Rusty Wallace
94.4%
Rusty Wallace
94.4%
Rusty Wallace
94.4%
Rusty Wallace
94.4%
Rusty Wallace
94.4%
Rusty Wallace
94.4%
Rusty Wallace
94.4%
Rusty Wallace
94.4%
Rusty Wallace
94.4%
Terry Labonte
93.9%
Bobby Labonte
93.9%
Terry Labonte
93.9%
Terry Labonte
93.9%
Bobby Labonte
93.9%
Bobby Labonte
93.9%
Terry Labonte
93.9%
Bobby Labonte
93.9%
Terry Labonte
93.9%
Bobby Labonte
93.9%
Terry Labonte
93.9%
Mark Martin
93.2%
Mark Martin
93.2%
Mark Martin
93.2%
% Correct
Mark Martin
93.2%
Mark Martin
93.2%
Mark Martin
93.2%
Mark Martin
93.2%
Mark Martin
93.2%
Mark Martin
93.2%
Dale Jarrett
91.1%
Dale Jarrett
91.1%
Dale Jarrett
91.1%
Dale Jarrett
91.1%
Dale Jarrett
91.1%
Dale Jarrett
91.1%
Dale Jarrett
91.1%
Dale Jarrett
91.1%
Davey Allison
91%
Davey Allison
91%
Davey Allison
91%
Davey Allison
91%
Bill Elliott
89.5%
Bill Elliott
89.5%
Bill Elliott
89.5%
Bill Elliott
89.5%
Darrell Waltrip
89%
Darrell Waltrip
89%
Kyle Petty
88.6%
Kyle Petty
88.6%
Kyle Petty
88.6%
Kyle Petty
88.6%
Kyle Petty
88.6%
Alan Kulwicki
85.8%
Alan Kulwicki
85.8%
Alan Kulwicki
85.8%
Tony Stewart
85.4%
Jeff Burton
83.8%
Jeff Burton
83.8%
Jeff Burton
83.8%
Ricky Rudd
83.6%
Ricky Rudd
83.6%
Ricky Rudd
83.6%
% Correct
Ricky Rudd
83.6%
Ricky Rudd
83.6%
Ricky Rudd
83.6%
Ricky Rudd
83.6%
Ricky Rudd
83.6%
Ricky Rudd
83.6%
Sterling Marlin
83.4%
Sterling Marlin
83.4%
Sterling Marlin
83.4%
Ward Burton
83.4%
Geoff Bodine
79.5%
Geoff Bodine
79.5%
Geoff Bodine
79.5%
Geoff Bodine
79.5%
Geoff Bodine
79.5%
Geoff Bodine
79.5%
Ernie Irvan
79.1%
Ernie Irvan
79.1%
Ernie Irvan
79.1%
Ernie Irvan
79.1%
Ernie Irvan
79.1%
Ernie Irvan
79.1%
Ernie Irvan
79.1%
Brett Bodine
79.1%
Harry Gant
76.1%
Harry Gant
76.1%
Harry Gant
76.1%
Ken Schrader
74.3%
Derrike Cope
71.7%
Jeremy Mayfield
66.6%
Bobby Hamilton
66.1%
Bobby Hamilton
66.1%
Bobby Hamilton
66.1%
Jimmy Spencer
65.7%
John Andretti
65%
John Andretti
65%
Morgan Shepherd
63.9%
Morgan Shepherd
63.9%
Joe Nemechek
60.1%

You're not logged in!

Compare scores with friends on all Sporcle quizzes.
OR
Log In

Show Comments

Extras

Top Quizzes Today


Score Distribution

Your Account Isn't Verified!

In order to create a playlist on Sporcle, you need to verify the email address you used during registration. Go to your Sporcle Settings to finish the process.

Report this User

Report this user for behavior that violates our Community Guidelines.

Details: